| 000 | 01006nam a2200253 i 4500 | ||
|---|---|---|---|
| 001 | bg | ||
| 245 | 0 | 0 |
_aSamorząd terytorialny III Rzeczypospolitej : _bdziesięć lat doświadczeń / _cpod red. Stanisława Michałowskiego. |
| 260 |
_aLublin : _bWydaw. Uniwersytetu Marii Curie-Skłodowskiej, _c2002. |
||
| 300 |
_a485 s. : _bil. ; _c24 cm. |
||
| 500 | _aTekst część. tł. z niem. | ||
| 500 | _aMater. z międzynarodowej konferencji zorg. 19 i 20 października 2000 r. w Lublinie. | ||
| 650 | 9 |
_aSamorząd terytorialny _zEuropa _yod 1945 r. |
|
| 650 | 9 |
_aSamorząd terytorialny _zPolska _yod 1989 r. |
|
| 655 | _aMateriały konferencyjne | ||
| 700 | 1 |
_aMichałowski, Stanisław. _eRed. |
|
| 020 | _a8322718403 | ||
| 040 | _cBPK | ||
| 041 | 1 |
_apl _hde |
|
| 080 | _a352/353(438:4)"1989/..."(061) | ||
| 920 | _a83-227-1840-3 | ||
| 942 | _cKS | ||
| 008 | s pl f |000 0 pol | ||
| 999 |
_c42389 _d42389 |
||
| 856 |
_uhttp://koha.tu.koszalin.pl/cgi-bin/koha/opac-detail.pl?biblionumber=42389 _yKatalog online BPK |
||